Statistics for The Dragon Quiz

Click here to take the quiz!

General Stats

  • This quiz has been taken 87 times
  • The average score is 10 of 20

Answer Stats

QuestionAnswer% Correct
In symbology, a Ouroboros is a dragon eating its own what?Tail
84%
What type of lizard is considered the national animal of Indonesia?{Komodo} Dragon
79%
What country has dragon as one of its national animals?China
78%
On what country flag does "Y Ddraig Goch" (the red dragon) appear?Wales
68%
What dragon is the main antagonist in J.R.R. Tolkien's 1937 novel "The Hobbit"?Smaug
67%
What manga franchise was created by Akira Toriyama in 1984?Dragon {Ball}
63%
According to European legends, what saint tamed and slayed a dragon that
demanded human sacrifices?
Saint George
62%
What is the Latin term for "dragon"?Draco
53%
What feathered serpent god of Mesoamerica resembles a dragon?Quetzalcoatl
49%
In the Christian book of Revelation, who is portrayed as a dragon?Satan
49%
Eustace Scrubb is turned into a dragon in which author's "Narnia" series?C.S. Lewis
46%
What country's flag depicts a dragon named "Druk"?
Bhutan
45%
And what comes before Dragon?Rabbit
45%
Which "Game of Thrones" character is "Mother of Dragons"?Daenerys
41%
What type of dragon is Harry Potter faced with during the Triwizard Tournament
in Goblet of Fire, armed only with his wand?
{Hungarian} Horntail
41%
Which dragon-centered film series is based on a book series by Cressida Cowell?How to Train Your Dragon
36%
In what Japanese animated movie does a dragon named "Haku" appear?Spirited Away
36%
In Chinese astrology, what zodiac comes after Dragon?Snake
34%
What major country does the lizard, thorny dragon, inhabit?Australia
26%
What type of dragon is a "Drakaina", in the Greek mythology?a Female Dragon
18%

Score Distribution

Percentile by Number Answered

Percent of People with Each Score

Your Score History

You have not taken this quiz